00997cam a22002894a 4500008004100000020002500041049000900066090001400075100002500089245009500114246002000209260004700229300004900276500002000325504004100345650002300386650001400409700002400423700002300447907003500470003000100505005001700506040000900523942002100532999001900553952013500572  a9780443068942 (pbk.) aMAIN0 aRC46bDAV aStrachan, Mark W. J.00aDavidson'sclinical cases /cMark W. J. Strachan, Surendra K. Sharma and John A. A. Hunter.30aClinical cases. aEdinburgh :bChurchill Livingstone,c2008. axvi, 339 p. :bill. (chiefly col.) ;c24 cm. aincludes index. aIncludes bibliographical references. 0aInternal medicine.12aMedicine.1 aSharma, Surendra K.1 aHunter, John A. A. a.b10287644b13-01-11c18-11-1020230123125107.0 cNUST cBOOKSkRC46mDAV c135618d135618 r2023-01-23 00:00:00l13oRC46STRp92004014267v80.00w2023-01-23yBOOKS102LCC40708NFIC00aMAINbMAINcGENd2023-01-23g80.00